| 000 | 00695nam a2200217 a 4500 | ||
|---|---|---|---|
| 005 | 20230310063606.0 | ||
| 008 | 991125s1993 es 000 0 spa u | ||
| 020 | _a8448700082 | ||
| 035 | _aUPN01000052596 | ||
| 049 | _aI | ||
| 050 | 4 |
_aPZ3 D772 _bS22I |
|
| 100 | 1 |
_aDoyle, Arthur Conan, _cSir, _d1859-1930 _930305 |
|
| 245 | 1 | 3 |
_aEl sabueso de los Baskerville / _cArthur C. Doyle ; tr. Ramiro Sánchez Sanz. |
| 260 |
_aBarcelona [Esp.] : _bAltaya, _c1993. |
||
| 300 |
_a223 p. : _bil. |
||
| 440 | 0 |
_aBiblioteca de aventura y misterio ; _v9 |
|
| 650 | 4 |
_aNovela inglesa _94471 |
|
| 650 | 2 |
_aNovela policiaca y de misterio _98409 |
|
| 650 | 0 |
_aPerros _vCuentos y leyendas _98586 |
|
| 905 | _aLibro | ||
| 999 |
_c52596 _d52596 |
||